000
00316nam a2200121Ia 4500
008
241028s9999 xx 000 0 und d
041
_a
eng
082
_a
158.1 WIE
100
_a
Wiest Brianna
245
_a
101 Essays That Will Change The Way You Think
260
_b
Amaryllis
_a
Noida
_c
2023
300
_a
450;. P. 22 Cm
999
_c
43122
_d
43122